Brinkmann (Record no. 6617)

MARC details
000 -LEADER
campo de control de longitud fija 00612nam a2200193 i 4500
001 - NÚMERO DE CONTROL
campo de control 6617
003 - IDENTIFICADOR DE NÚMERO DE CONTROL
campo de control ES-MaACL
005 - FECHA Y HORA DE LA ÚLTIMA TRANSACCIÓN
campo de control 20230906145022.0
007 - CAMPO FIJO DE DESCRIPCIÓN FÍSICA--INFORMACIÓN GENERAL
campo de control de longitud fija t|
008 - DATOS DE LONGITUD FIJA--INFORMACIÓN GENERAL
campo de control de longitud fija 900118s1989 sp ||||1| spa d
080 ## - NÚMERO DE LA CLASIFICACIÓN DECIMAL UNIVERSAL
Número de la Clasificación Decimal Universal 061.43(467.1)"1989": 7 Brinkmann, E.
080 ## - NÚMERO DE LA CLASIFICACIÓN DECIMAL UNIVERSAL
Número de la Clasificación Decimal Universal 7 Brinkmann, Enrique
080 ## - NÚMERO DE LA CLASIFICACIÓN DECIMAL UNIVERSAL
Número de la Clasificación Decimal Universal 75(46)"1938/..." Brinkmann, E.
245 00 - MENCIÓN DEL TÍTULO
Título Brinkmann
Resto del título : noviembre 1989 : [exposicion] Barcelona, Sala Gaspar, 1989.
260 ## - PUBLICACIÓN, DISTRIBUCIÓN, ETC.
Lugar de publicación, distribución, etc. Barcelona :
Nombre del editor, distribuidor, etc. Sala Gaspar,
Fecha de publicación, distribución, etc. 1989.
300 ## - DESCRIPCIÓN FÍSICA
Extensión [24] h. de lam. ;
Dimensiones 23 cm.
600 14 - PUNTO DE ACCESO ADICIONAL DE MATERIA--NOMBRE DE PERSONA
Nombre de persona Brinkmann, Enrique-
Subdivisión de forma Exposiciones.
9 (RLIN) 31759
852 ## - LOCALIZACIÓN
Ubicación ES-MaACL
Número de control de estantería L-13766
Sublocalización o colección R.117337
Holdings
Estatus retirado Estado de pérdida Estado de daño No para préstamo Biblioteca de origen Biblioteca actual Ubicación en estantería Fecha de adquisición Fuente de adquisición Total de préstamos Signatura topográfica completa Código de barras Visto por última vez Precio de reemplazo Tipo de ítem Koha
        Biblioteca del Ateneo de Madrid Biblioteca del Ateneo de Madrid Depósito 2 17/01/2008     L-13766 1006740 23/02/2023 23/02/2023 Libro impreso